Missing Word: Tony for Best Play Quiz Stats

 Plays Quiz Updated Jul 17, 2017

Support Sporcle.
Go Orange.
Score 0/28 Timer 03:00
0 Plays Today
Tony-Winning Play Missing Word % Correct
The Diary of ___ FrankAnne
95.3%
The Grapes of ___Wrath
94.5%
Who's ___ of Virginia Woolf?Afraid
93.7%
Death of a ___Salesman
91.3%
A Man for All ___Seasons
82.5%
The Elephant ___Man
81.3%
___ of a Lesser GodChildren
76.3%
Long Day's ___ into NightJourney
71.4%
Biloxi ___Blues
67.8%
August: Osage ___County
64.5%
The ___ WorkerMiracle
57.5%
Rosencrantz & ___ Are DeadGuildenstern
53.5%
The Great White ___Hope
51%
___ in YonkersLost
48.7%
Tony-Winning Play Missing Word % Correct
Torch ___ TrilogySong
46.6%
M. ___Butterfly
35.9%
___ RobertsMister
34.6%
The Cocktail ___Party
32.8%
The ___ TattooRose
29.9%
The History ___Boys
26.8%
Take Me ___Out
21.2%
The ___ ChroniclesHeidi
20.6%
___ at CampobelloSunrise
17.8%
___ ClassMaster
15.2%
I'm Not ___Rappaport
14.7%
Love! Valour! ___!Compassion
14.5%
Angels in America: ___ ApproachesMillennium
11.8%
Angels in America: ___Perestroika
11.1%

Today's Daily Dose

You're not logged in!

Compare scores with friends on all Sporcle quizzes.
OR
Log In
Forgot?

From the Vault

American Idol Artists

by wnts

Randy Jackson has to be tired of these artists by now.
Remove Ads.
Support Sporcle.
Get the best of Sporcle when you Go Orange. This ad-free experience offers more features, more stats, and more fun while also helping to support Sporcle. Thank you for becoming a member.

Show Comments

Extras

Top Quizzes Today


Score Distribution

Your Account Isn't Verified!

In order to create a playlist on Sporcle, you need to verify the email address you used during registration. Go to your Sporcle Settings to finish the process.

Report this User

Report this user for behavior that violates our Community Guidelines.

Details: